000 00618nam a2200205Ia 4500
003 GCL
008 140319s9999 xx 000 0 eng d
040 _aGCL /
_cGCL
082 0 4 _a618
_b900092
_bH G
100 1 _aHARFOUCHE, JAMAL KARAM
245 1 0 _aGROWTH AND ILLNESS PATTERNS OF LEBANESE INFANTS ( BIRTH - 18 MONTHS ) /
_cHARFOUCHE, JAMAL KARAM
260 _a[S.N] :
_bKHAYATS ،
_c1966
300 _a277 P
650 0 4 _aCHILDREN - LEBANON
650 0 4 _aINFANTS - CARE
650 0 4 _aCHILDREN - GROWTH
650 0 4 _aCHILDREN - TREATMENT-LEBANON
650 0 4 _aCHILDREN - DISEASES - LEBONAN
942 _2ddc
_cBK
999 _c15006
_d15006